| 000 | 00581nam a2200181 i 4500 | ||
|---|---|---|---|
| 001 | 31130 | ||
| 003 | ES-MaACL | ||
| 005 | 20230906154322.0 | ||
| 007 | t| | ||
| 008 | 030128s1970 sp ||||1| spa d | ||
| 100 | 1 |
_aBaudelaire, Charles. _926513 |
|
| 245 | 1 | 3 |
_aUn comedor de opio _b: ; Los fantasmas de Thomas de Quincey / _cCharles Baudelaire ; traducción de Carmen Artal. |
| 260 |
_aBarcelona : _bTusquets, _c[1970] |
||
| 300 |
_a86 p. ; _c18 cm. |
||
| 700 | 1 |
_aArtal, Carmen. _923417 |
|
| 740 | 4 | _aLos fantasmas de Thomas de Quincey. | |
| 852 |
_aES-MaACL _jC-50740 _bR.75257 |
||
| 999 |
_c31130 _d31130 |
||